000 01074nam a2200301Ia 4500
005 20220317001119.0
008 160825s2006 ck g 000 0 spa
020 _a97895804697012
245 1 0 _aLazarillo de Tormes
_cAnónimo ; versión al español moderno de Conrado González Mejía, Luis González de Guzmán
250 _a2a. edición
_b2a. reimpresión
300 _a69, 34 páginas (En paginación variada)
_c20 cm
490 _aCara y cruz
650 1 4 _2LEMB
_aNovela española
650 1 4 _2LEMB
_aLiteratura española
650 1 4 _2LEMB
_aPobreza en la literatura
650 1 4 _2LEMB
_aHuérfanos en la literatura
650 1 4 _2LEMB
_aAventuras en la literatura
650 1 4 _2LEMB
_aCiegos en la literatura
700 1 _aGonzález Mejía, Conrado
_966303
700 1 _aGonzález de Guzmán, Luis
_966304
942 _2loc
_cBKLIT
264 _aBogotá
_bNorma
_c2006
336 _atexto
_btxt
_2rdacontent
337 _asin mediación
_bn
_2rdamedia
338 _avolumen
_bnc
_2rdacarrier
040 _aCO-BoRNBP
_bspa
_erda
_cCO-BoRNBP
084 _aN LAZ14
999 _c5967
_d5967